| 000 | 01877nam a2200433Ii 4500 | ||
|---|---|---|---|
| 001 | DIGEDUSTA206 | ||
| 003 | NyNyDIG | ||
| 008 | 230911s2022 ck ado ob 001 0 spa d | ||
| 006 | m o d | ||
| 007 | cr ||||||||||| | ||
| 035 | _a(OCoLC)1394120255 | ||
| 040 |
_aDGITA _beng _erda _epn _cDGITA |
||
| 020 |
_a9789587825381 _qeBook |
||
| 020 | _z9789587825374 | ||
| 043 |
_acl----- _an-mx--- |
||
| 050 | 1 | 4 | _aPQ7297.F793 ebook |
| 100 | 1 |
_aJiménez Quenguan, Myriam, _eauthor. |
|
| 245 | 1 | 0 |
_aPensar América Latina desde la literatura : _bimagen y memoria en Terra Nostra de Carlos Fuentes / _cMyriam Jiménez Quenguan. |
| 264 | 1 |
_aBogotá, D.C., Colombia : _bEdiciones USTA : _bUniversidad Santo Tomás, _c[2022] |
|
| 300 |
_a1 online resource : _billustrations, charts, photographs. |
||
| 336 |
_atext _btxt _2rdacontent |
||
| 337 |
_acomputer _bc _2rdamedia |
||
| 338 |
_aonline resource _bcr _2rdacarrier |
||
| 347 |
_atext file _2rdaft |
||
| 347 | _bEPUB | ||
| 490 | 1 | _aColección 440. Serie Educación | |
| 504 | _aIncludes bibliographical references and index. | ||
| 588 | 0 | _aOnline resource; title from ePub title page (Digitalia, viewed September 11, 2023) | |
| 600 | 1 | 0 |
_aFuentes, Carlos. _tTerra nostra. |
| 650 | 0 |
_aPlots (Drama, novel, etc.) _zLatin America. |
|
| 650 | 0 |
_aMexican literature _xHistory and criticism _y20th century. |
|
| 791 | 2 |
_aDigitalia (Firm), _edistributor. |
|
| 793 | 0 |
_gDigitalia eBook Collection: _aEdiciones USTA |
|
| 776 | 0 | 8 |
_iPrint version: _aJiménez Quenguan, Myriam. _tPensar América Latina desde la literatura. _bPrimera edición. _dBogotá, D. C., Colombia : Ediciones USTA : Universidad Santo Tomás, [2022] _z9789587825374 |
| 830 | 0 |
_aColección 440. _pSerie Educación. |
|
| 856 | 4 | 0 |
_3Digitalia Hispánica _uhttps://www.digitaliapublishing.com/a/129688/ |
| 910 | _aPremium collection: 2023 | ||
| 942 | _cRAA | ||
| 999 |
_c280496 _d280496 |
||